Squirrel's world / (Record no. 2321)

MARC details
000 -LEADER
fixed length control field 01067cam a2200337 a 4500
005 - DATE AND TIME OF LATEST TRANSACTION
control field 20240719090443.0
020 ## - INTERNATIONAL STANDARD BOOK NUMBER
International Standard Book Number 9780763629298
020 ## - INTERNATIONAL STANDARD BOOK NUMBER
International Standard Book Number 9780763666446
020 ## - INTERNATIONAL STANDARD BOOK NUMBER
International Standard Book Number 0763629294
040 ## - CATALOGING SOURCE
Original cataloging agency DLC
Transcribing agency DLC
Modifying agency DLC
Language of cataloging eng
050 00 - LIBRARY OF CONGRESS CALL NUMBER
Classification number PZ7.M84696
Item number Squ 2007
082 00 - DEWEY DECIMAL CLASSIFICATION NUMBER
Classification number 813.6
Edition number 22
100 1# - MAIN ENTRY--PERSONAL NAME
Personal name Moser, Lisa
245 10 - TITLE STATEMENT
Title Squirrel's world /
Statement of responsibility, etc. Lisa Moser ; illustrated by Valeri Gorbachev.
250 ## - EDITION STATEMENT
Edition statement First paperback edition in this format 2013
260 ## - PUBLICATION, DISTRIBUTION, ETC.
Place of publication, distribution, etc. Cambridge :
Name of publisher, distributor, etc. Candlewick Press,
Date of publication, distribution, etc. 2007
300 ## - PHYSICAL DESCRIPTION
Extent 44 pages :
Other physical details Illustrations
Dimensions 23 cm
505 ## - FORMATTED CONTENTS NOTE
Formatted contents note G<br/>
520 ## - SUMMARY, ETC.
Summary, etc. Squirrel's well-meaning attempts to help his forest friends do not always turn out as planned.
521 ## - TARGET AUDIENCE NOTE
Target audience note 380 <br/>
Source Lexile<br/>
521 ## - TARGET AUDIENCE NOTE
Target audience note G<br/>
Source Raz-Plus<br/>
650 #1 - SUBJECT ADDED ENTRY--TOPICAL TERM
Topical term or geographic name entry element Squirrels
Form subdivision Fiction.
650 #1 - SUBJECT ADDED ENTRY--TOPICAL TERM
Topical term or geographic name entry element Forest animals
Form subdivision Fiction.
650 #1 - SUBJECT ADDED ENTRY--TOPICAL TERM
Topical term or geographic name entry element Helpfulness
Form subdivision Fiction.
650 #1 - SUBJECT ADDED ENTRY--TOPICAL TERM
Topical term or geographic name entry element Animals
Form subdivision Fiction.
650 #1 - SUBJECT ADDED ENTRY--TOPICAL TERM
Topical term or geographic name entry element Humorous stories.
700 1# - ADDED ENTRY--PERSONAL NAME
Personal name Gorbachev, Valeri
Relator term illustrator
906 ## - LOCAL DATA ELEMENT F, LDF (RLIN)
a 7
b cbc
c orignew
d 1
e ocip
f 20
g y-gencatlg
942 ## - ADDED ENTRY ELEMENTS (KOHA)
Source of classification or shelving scheme Dewey Decimal Classification
Koha item type Books
Suppress in OPAC No
999 ## -
-- 2321
-- 2321
Holdings
Withdrawn status Lost status Source of classification or shelving scheme Damaged status Not for loan Collection Home library Current library Shelving location Date acquired Total Checkouts Full call number Barcode Date last seen Date last checked out Price effective from Koha item type
    Dewey Decimal Classification     Juvenile Fiction Footprints International School Library Network Toul Kork Campus Footprints International School Library Network Toul Kork Campus TK Primary Library Room(4th Floor), Bookcase 1&2, Shelves 1-16, Dark Blue Books 11/16/2023 1 MOS 813.6 PZ7.M84696 FISTK01310 03/05/2025 09/04/2024 11/16/2023 Books